000 00775nam a2200217Ia 4500
003 GCL
008 140319s9999 xx 000 0 ara d
040 _aGCL /
_cGCL
082 0 4 _a025.32
_bس ف
100 1 _aشعبان عبدالعزيز خليفة
245 1 0 _aالفهرسة الوصفية للمكتبات المطبوعات والمخطوطات /
_cشعبان عبدالعزيز خليفة
700 1 _aمحمد عوض العايدى
300 _a504 ص
490 _aسلسلة المكتبات والمعلومات
_v0
650 0 4 _aالفهرسة الوصفية
650 0 4 _aالمخطوطات - فهرسة
650 0 4 _aالمكتبات - فهارس
650 0 4 _aالكتب - فهارس
650 0 4 _aالدوريات - فهرسة
942 _2ddc
_cBK
999 _c52314
_d52314